Acoustic variability and its perception : the effects of context on selected acoustic parameters of English words and their perceptual consequences (Record no. 361217)

MARC details
000 -LEADER
fixed length control field 00739nam a2200217Ia 4500
008 - FIXED-LENGTH DATA ELEMENTS--GENERAL INFORMATION
fixed length control field 191130s1980##################000#0#eng##
020 ## - INTERNATIONAL STANDARD BOOK NUMBER
ISBN 9783820461596
082 ## - DEWEY DECIMAL CLASSIFICATION NUMBER
Classification number 421.5 OAK
100 ## - MAIN ENTRY--AUTHOR NAME
Personal name Oakeshott-Taylor, John
245 ## - TITLE STATEMENT
Title Acoustic variability and its perception : the effects of context on selected acoustic parameters of English words and their perceptual consequences
Statement of responsibility, etc John Oakeshott-Taylor
260 ## - PUBLICATION, DISTRIBUTION, ETC. (IMPRINT)
Place of publication Bern
Name of publisher Lang
Year of publication 1980
300 ## - PHYSICAL DESCRIPTION
Number of Pages 359 p. : ill. ; 21 cm
500 ## - GENERAL NOTE
General note Bibliography: p. 335-359
650 ## - SUBJECT ADDED ENTRY--TOPICAL TERM
Topical Term English language - Phonetics
Topical Term Phonetics, Acoustic
Topical Term Speech perception
991 ## -
-- 392851
Holdings
Withdrawn status Lost status Damaged status Not for loan Home library Current library Shelving location Date acquired Full call number Accession Number Price effective from Koha item type
        Anna Centenary Library Anna Centenary Library 4TH FLOOR, B WING 17.10.2020 421.5 OAK 220052 17.10.2020 English Books

Find us on the map